000 01656naa a22003377a 4500
001 BR8603032
003 BR-BrBNA
005 20240918175725.0
007 ta
008 230509b bl.||||| |||| 00| 0 por d
040 _aBR-BrBNA
_bpor
_cBiblioteca Nacional de Agricultura
041 _a(Pt)
072 _aQ02; E14
_b/G514
090 _aQ02 BR8603032
100 1 _aSantos, E.C. dos
100 1 _aReis, N. de O.
111 1 _a4. Encontro de Industrias de Laticinios e Cooperativas do Sul de Minas, 4. Concurso de Queijos e 1. Curso para Queijeiros
_cPassos, MG (Brazil)
_d20-21 Jun 1985
245 1 _aApoio tecnico e financeiro para as industrias laticinistas do sul de Minas
246 1 _a[Technical and financial support for the dairy industry of southern Minas, Brazil]
246 1 _a[Report of the 4. Meeting of Dairy Industries and Cooperatives of Southern Minas, 4. Cheese Contest and 1. Course for Cheesemakers]
260 3 _aBelo Horizonte, MG (Brasil):
_c[nd].
500 _aRelatorio de atividades do 4. Encontro de Industrias de Laticinios e Cooperativas do Sul de Minas, 4. Concurso de Queijos e 1. Curso para Queijeiros Belo Horizonte, MG (Brasil): [nd]. p. 25-27 (BR8603032-AM)Q02
650 _aLATICINIO
650 _aFINANCIAMENTO
650 _aTECNOLOGIA AGRICOLA
650 _aINDUSTRIA ALIMENTICIA
650 _aMINAS GERAIS
773 0 _tRelatorio de atividades do 4. Encontro de Industrias de Laticinios e Cooperativas do Sul de Minas, 4. Concurso de Queijos e 1. Curso para Queijeiros
_wQ02 BR8603032
_gBelo Horizonte, MG (Brasil), [nd]. p. 25-27
909 _a202404
_bLucia
_c55
_dLucia Elande
942 _cAM
_2AGRIS
999 _c317911
_d317911